Countries by Largest Ethnic Group Quiz Stats

 Plays Quiz not verified by Sporcle

Challenge
Share
Tweet
Embed
Score 0/37 Timer 07:00
0 Plays Today
Ethnic Group Country % Correct
KhmerCambodia
83.4%
PashtunAfghanistan
78.9%
GermanAustria
74.8%
PersianIran
74.4%
JavaneseIndonesia
72.8%
PunjabiPakistan
72.1%
GreekCyprus
70.3%
FlemingBelgium
66.4%
HanChina
65.8%
Indo-AryanIndia
64%
SomaliDjibouti
61.1%
TagalogPhilippines
55.6%
QuechuaBolivia
51.3%
MalayBrunei
50.3%
SpanishAndorra
43%
FrenchMonaco
41.7%
SinhaleseSri Lanka
39%
MicronesianKiribati
31.4%
PolynesianTuvalu
23.4%
Ethnic Group Country % Correct
TigrinyaEritrea
21.4%
AmerindianPeru
20.1%
WolofSenegal
20.1%
ShonaZimbabwe
19.1%
Hindustani Suriname
17.1%
KikuyuKenya
16.4%
BagandaUganda
15.6%
ChuukeseMicronesia
12.1%
OvimbunduAngola
10.6%
BhoteBhutan
10.1%
AkanGhana
9.8%
KinhVietnam
9.8%
MandeMali
9.5%
FonBenin
6.3%
MossiBurkina Faso
6.1%
ChhettriNepal
6.1%
BayaCentral African Republic
3.5%
PeuhlGuinea
3%

You're not logged in!

Compare scores with friends on all Sporcle quizzes.
OR
Log In

You Might Also Like...

Show Comments

Extras

Top Quizzes Today


Score Distribution

Your Account Isn't Verified!

In order to create a playlist on Sporcle, you need to verify the email address you used during registration. Go to your Sporcle Settings to finish the process.

Report this User

Report this user for behavior that violates our Community Guidelines.

Details: